000 00879nam a22002657i 4500
003 DO-SdBNP
005 20250910091631.0
007 ta
008 110301s2012 dr acd 000 0 spa d
040 _aDO-SdBNP
_bspa
_cBNPHU
_erda
041 _aspa
082 4 _a324.6
_bR426m, 2012
_222
110 _aRepública Dominicana
_bJunta Central Electoral
_964605
245 1 0 _aMemorias :
_bpara el período de gestión octubre 2010- diciembre 2012
264 _aSanto Domingo :
_bJunta Central Electoral,
_c2012.
300 _a171 páginas :
_bilustraciones retratos., graficos
_c26 cm.
336 _ardacontent
_btexto
_2txt
337 _ardamedia
_bsin mediación
_2n
338 _ardacarrier
_bvolumen
_2nc
500 _aLibro de pasta dura.
590 _aInventariado, 2022/ YL
650 4 _aElecciones
_zRepública Dominicana
_92992
910 _aYLockward
942 _2ddc
_cLBS1
999 _c52204
_d52204